书目信息 |
| 题名: |
建筑装饰设计
|
|
| 作者: | 吴龙声 主编 | |
| 分册: | ||
| 出版信息: | 北京 中国建筑工业出版社 2000.06 |
|
| 页数: | 168页 | |
| 开本: | 16开 | |
| 丛书名: | ||
| 单 册: | ||
| 中图分类: | TU238 | |
| 科图分类: | ||
| 主题词: | 建筑设计 | |
| 电子资源: | ||
| ISBN: | 7-112-04013-2 | |
| 000 | 00552nam0 2200193 45 | |
| 001 | 0011271659 | |
| 005 | 20001127163837.1 | |
| 010 | @a7-112-04013-2@d18.70元 | |
| 100 | @a20001127d2000 km y0chiy0120 ea | |
| 101 | 0 | @achi |
| 105 | @a z 000yy | |
| 200 | 1 | @a建筑装饰设计@AJian Zhu Zhuang Shi She Ji@f吴龙声主编@FWu Long Sheng Zhu Bian |
| 210 | @a北京@c中国建筑工业出版社@d2000.06 | |
| 215 | @a168页@d16开 | |
| 606 | 0 | @a建筑设计 |
| 690 | @aTU238@v3 | |
| 701 | 0 | @a吴龙声@4主编 |
| 801 | @aCN@bPftUser@c20001127 | |
| 905 | @b505637-646@dTU238@eW787@f10 | |
| 建筑装饰设计/吴龙声主编.-北京:中国建筑工业出版社,2000.06 |
| 168页;16开 |
| ISBN 7-112-04013-2:18.70元 |
| ● |
| 相关链接 |
|
|
|
正题名:建筑装饰设计
索取号:TU238/W787
 
预约/预借
| 序号 | 登录号 | 条形码 | 馆藏地/架位号 | 状态 | 备注 |
| 1 | 505637 | 205056375 | 自科二线404/404自科库 23排3列5层/ [索取号:TU238/W787] | 在馆 | |
| 2 | 505638 | 205056384 | 自科二线404/404自科库 23排3列5层/ [索取号:TU238/W787] | 在馆 | |
| 3 | 505639 | 205056393 | 自科二线404/404自科库 23排3列5层/ [索取号:TU238/W787] | 在馆 | |
| 4 | 505640 | 205056400 | 自科二线404/404自科库 23排3列5层/ [索取号:TU238/W787] | 在馆 | |
| 5 | 505641 | 205056419 | 自科二线404/404自科库 23排3列5层/ [索取号:TU238/W787] | 在馆 | |
| 6 | 505642 | 205056428 | 自科二线404/404自科库 23排3列5层/ [索取号:TU238/W787] | 在馆 | |
| 7 | 505643 | 205056437 | 建筑库101/101建筑库 50排5列2层/ [索取号:TU238/W787] | 在馆 | |
| 8 | 505644 | 205056446 | 建筑库101/101建筑库 50排5列2层/ [索取号:TU238/W787] | 在馆 | |
| 9 | 505645 | 205056455 | 自科二线404/404自科库 23排3列5层/ [索取号:TU238/W787] | 在馆 | |
| 10 | 505646 | 205056464 | 自科二线404/404自科库 23排3列5层/ [索取号:TU238/W787] | 在馆 |